[Event "GBR-ch76"]
[Site "Plymouth"]
[Date "1989.07.31"]
[Round "1.1"]
[White "Chandler, Murray G"]
[Black "Carr, Neil L"]
[Result "1-0"]
[WhiteElo "2585"]
[BlackElo "2315"]
[PlyCount "65"]
[EventDate "1989.07.31"]
[EventType "swiss"]
[EventRounds "11"]
[EventCountry "GBR"]
[SourceTitle "ChessBase 2017"]
[Source "ChessBase"]
[SourceDate "1990.06.01"]
[SourceVersion "1"]
[SourceVersionDate "1990.06.01"]
[SourceQuality "1"]

1. e4 g6 2. d4 Bg7 3. Nc3 d6 4. f4 Nf6 5. Nf3 c5 6. Bb5+ Bd7 7. e5 Ng4 8. e6
Bxb5 9. exf7+ Kd7 10. Nxb5 Qa5+ 11. Nc3 cxd4 12. Nxd4 Bxd4 13. Qxd4 Nc6 14. Qc4
Rac8 15. h3 Nf6 16. Be3 b5 17. Qb3 b4 18. Ne2 Qb5 19. c4 Qh5 20. Ng3 Qh4 21.
Bf2 Qxf4 22. O-O Qg5 23. Rad1 Kc7 24. Be3 Qe5 25. Bh6 Qc5+ 26. Kh1 Ne5 27. Be3
Qa5 28. c5 Nfd7 29. cxd6+ exd6 30. Rd5 Qa6 31. Qxb4 Rhf8 32. Rc1+ Kd8 33. Bg5+
1-0

[Event "GBR-ch76"]
[Site "Plymouth"]
[Date "1989.07.31"]
[Round "1.3"]
[White "Mestel, A Jonathan"]
[Black "Holland, Edward"]
[Result "1/2-1/2"]
[WhiteElo "2520"]
[BlackElo "2310"]
[PlyCount "110"]
[EventDate "1989.07.31"]
[EventType "swiss"]
[EventRounds "11"]
[EventCountry "GBR"]
[SourceTitle "BritBase"]
[Source "John Saunders"]
[SourceDate "2023.12.16"]
[SourceVersion "1"]
[SourceVersionDate "2023.12.16"]
[SourceQuality "1"]

1. e4 c5 2. Nf3 d6 3. Nc3 Nf6 4. d4 cxd4 5. Nxd4 g6 6. g3 Bg7 7. Bg2 O-O 8. O-O
a6 9. a4 Nbd7 10. h3 Qc7 11. Re1 Ne5 12. Nd5 Nxd5 13. exd5 Qc4 14. Be3 Qc7 15.
b3 Qc3 16. a5 e6 17. dxe6 fxe6 18. f4 Nf7 19. Bf2 e5 20. Ne2 Qc7 21. Bb6 Qe7
22. Nc3 Be6 23. Nd5 Qd7 24. Nc7 Bxh3 25. Nxa8 Bxg2 26. Kxg2 exf4 27. Ra4 Qc6+
28. Qf3 Qxf3+ 29. Kxf3 Ne5+ 30. Rxe5 fxg3+ 31. Rf4 Rxf4+ 32. Kxf4 Bxe5+ 33. Kf3
h5 34. Bd8 Kf7 35. Nc7 Bc3 36. Nd5 Be1 37. b4 Ke6 38. c4 Ke5 39. Bb6 h4 40. Nf4
Kf5 41. Ng2 Bxb4 42. Nxh4+ Kf6 43. Kxg3 d5 44. c5 Be1+ 45. Kf3 Bxh4 46. Bd8+
Ke5 47. Bxh4 Kd4 48. Be7 Kc4 49. Ke3 d4+ 50. Kd2 d3 51. Bd8 Kd4 52. Be7 Kc4 53.
Bd8 Kd4 54. Bg5 Kxc5 55. Kxd3 b5 1/2-1/2

[Event "GBR-ch76"]
[Site "Plymouth"]
[Date "1989.07.31"]
[Round "1.4"]
[White "Holmes, Donald A"]
[Black "Hebden, Mark L"]
[Result "0-1"]
[WhiteElo "2310"]
[BlackElo "2520"]
[PlyCount "40"]
[EventDate "1989.07.31"]
[EventType "swiss"]
[EventRounds "11"]
[EventCountry "GBR"]
[SourceTitle "BritBase"]
[Source "John Saunders"]
[SourceDate "2023.12.16"]
[SourceVersion "1"]
[SourceVersionDate "2023.12.16"]
[SourceQuality "1"]

1. e4 e5 2. f4 exf4 3. Nf3 g5 4. h4 g4 5. Ne5 Nf6 6. d4 d6 7. Nd3 Nxe4 8. Bxf4
Qe7 9. Qe2 Nc6 10. c3 Bf5 11. Nd2 O-O-O 12. O-O-O Re8 13. Re1 Qe6 14. a3 Qa2
15. Qd1 h5 16. g3 Bg7 17. Rh2 Nxc3 18. bxc3 Qxa3+ 19. Kc2 Bxd4 20. Qa1 Nb4+ 0-1

[Event "GBR-ch76"]
[Site "Plymouth"]
[Date "1989.07.31"]
[Round "1.5"]
[White "Conquest, Stuart C"]
[Black "Piper, Matthew S"]
[Result "1-0"]
[WhiteElo "2515"]
[BlackElo "2305"]
[PlyCount "63"]
[EventDate "1989.07.31"]
[EventType "swiss"]
[EventRounds "11"]
[EventCountry "GBR"]
[SourceTitle "BritBase"]
[Source "John Saunders"]
[SourceDate "2023.12.16"]
[SourceVersion "1"]
[SourceVersionDate "2023.12.16"]
[SourceQuality "1"]

1. e4 e5 2. Nf3 Nc6 3. Bb5 a6 4. Ba4 Nf6 5. O-O Be7 6. Re1 b5 7. Bb3 d6 8. c3
O-O 9. h3 Na5 10. Bc2 c5 11. d4 Qc7 12. Nbd2 cxd4 13. cxd4 Bd7 14. Nf1 Rac8 15.
Re2 Rfd8 16. Ng3 exd4 17. Nxd4 d5 18. e5 Ne4 19. Bf4 Nxg3 20. Bxg3 Qb6 21. Qd3
g6 22. e6 Bxe6 23. Rae1 Bf6 24. Nxe6 fxe6 25. Rxe6 Rc6 26. Re8+ Rxe8 27. Rxe8+
Kf7 28. Re1 d4 29. Qd2 Bg7 30. Be4 Nc4 31. Bd5+ Kf8 32. Qe2 1-0

[Event "GBR-ch76"]
[Site "Plymouth"]
[Date "1989.07.31"]
[Round "1.6"]
[White "Cooper, Lawrence"]
[Black "Adams, Michael"]
[Result "1/2-1/2"]
[WhiteElo "2300"]
[BlackElo "2505"]
[PlyCount "43"]
[EventDate "1989.07.31"]
[EventType "swiss"]
[EventRounds "11"]
[EventCountry "GBR"]
[SourceTitle "BritBase"]
[Source "John Saunders"]
[SourceDate "2023.12.16"]
[SourceVersion "1"]
[SourceVersionDate "2023.12.16"]
[SourceQuality "1"]

1. e4 e6 2. d4 d5 3. Nd2 Nf6 4. e5 Nfd7 5. c3 c5 6. f4 Nc6 7. Ndf3 Qb6 8. h4 f5
9. h5 Be7 10. g3 Ndb8 11. Bd3 Bd7 12. Ne2 Na6 13. Kf2 O-O-O 14. b3 Kb8 15. Be3
cxd4 16. Nexd4 Nxd4 17. Bxd4 Nc5 18. b4 Nxd3+ 19. Qxd3 Qb5 20. Qxb5 Bxb5 21. h6
g6 22. Ng5 1/2-1/2

[Event "GBR-ch76"]
[Site "Plymouth"]
[Date "1989.07.31"]
[Round "1.7"]
[White "Kosten, Anthony C"]
[Black "Emms, John M"]
[Result "1/2-1/2"]
[WhiteElo "2500"]
[BlackElo "2300"]
[PlyCount "78"]
[EventDate "1989.07.31"]
[EventType "swiss"]
[EventRounds "11"]
[EventCountry "GBR"]
[SourceTitle "BritBase"]
[Source "John Saunders"]
[SourceDate "2023.12.16"]
[SourceVersion "1"]
[SourceVersionDate "2023.12.16"]
[SourceQuality "1"]

1. e4 e5 2. Nf3 Nc6 3. Bc4 Nf6 4. d3 Bc5 5. c3 a6 6. O-O d6 7. Nbd2 O-O 8. Bb3
Ba7 9. h3 h6 10. Re1 Nh5 11. Nc4 Qf6 12. Ne3 Nf4 13. Nd5 Nxd5 14. exd5 Ne7 15.
d4 exd4 16. Nxd4 Nf5 17. Nxf5 Bxf5 18. Be3 Bxe3 19. Rxe3 Rfe8 20. Qf3 Rxe3 21.
Qxe3 Qg5 22. Qxg5 hxg5 23. Re1 Kf8 24. g4 Bh7 25. Kg2 Re8 26. Rxe8+ Kxe8 27.
Kg3 f6 28. Bc4 a5 29. a3 Ke7 30. Be2 b6 31. h4 gxh4+ 32. Kxh4 Be4 33. c4 g5+
34. Kg3 f5 35. f4 Kf6 36. b4 axb4 37. axb4 b5 38. c5 dxc5 39. bxc5 Bxd5 1/2-1/2

[Event "GBR-ch76"]
[Site "Plymouth"]
[Date "1989.07.31"]
[Round "1.8"]
[White "Cullip, Stephen J"]
[Black "King, Daniel John"]
[Result "0-1"]
[WhiteElo "2300"]
[BlackElo "2495"]
[PlyCount "54"]
[EventDate "1989.07.31"]
[EventType "swiss"]
[EventRounds "11"]
[EventCountry "GBR"]
[SourceTitle "BritBase"]
[Source "John Saunders"]
[SourceDate "2023.12.16"]
[SourceVersion "1"]
[SourceVersionDate "2023.12.16"]
[SourceQuality "1"]

1. e4 e6 2. d4 d5 3. Nd2 a6 4. Ngf3 c5 5. exd5 exd5 6. dxc5 Bxc5 7. Be2 Nf6 8.
O-O O-O 9. Nb3 Ba7 10. Bg5 h6 11. Bh4 g5 12. Nxg5 hxg5 13. Bxg5 Qd6 14. Bf3 Nc6
15. Bxf6 Qxf6 16. Bxd5 Qxb2 17. Qf3 Qg7 18. Bxc6 Bg4 19. Qe4 bxc6 20. Qxc6 Rfc8
21. Qe4 Re8 22. Qb7 Qf6 23. Qc7 Be2 24. Qg3+ Kf8 25. Rfe1 Rac8 26. c4 Rxc4 27.
Rac1 Rg4 0-1

[Event "GBR-ch76"]
[Site "Plymouth"]
[Date "1989.07.31"]
[Round "1.9"]
[White "Watson, William Nicholas"]
[Black "Nicholson, John Graham"]
[Result "1/2-1/2"]
[WhiteElo "2495"]
[BlackElo "2295"]
[PlyCount "59"]
[EventDate "1989.07.31"]
[EventType "swiss"]
[EventRounds "11"]
[EventCountry "GBR"]
[SourceTitle "BritBase"]
[Source "John Saunders"]
[SourceDate "2023.12.16"]
[SourceVersion "1"]
[SourceVersionDate "2023.12.16"]
[SourceQuality "1"]

1. e4 c5 2. Nf3 d6 3. d4 cxd4 4. Nxd4 Nf6 5. Nc3 e6 6. Be3 a6 7. f3 Be7 8. Qd2
Nc6 9. g4 O-O 10. O-O-O Rb8 11. g5 Nd7 12. h4 Nxd4 13. Bxd4 b5 14. Bh3 Ne5 15.
Qf2 Qa5 16. Kb1 Nc4 17. f4 b4 18. Ne2 e5 19. Ba7 Bxh3 20. Rxh3 Rb7 21. Be3 Rc8
22. Bc1 Qc7 23. Rhd3 d5 24. Ng3 Bc5 25. Qg2 exf4 26. Nh5 Be3 27. Nf6+ Kf8 28.
Nxd5 f3 29. Nxc7 fxg2 30. Bxe3 1/2-1/2

[Event "GBR-ch76"]
[Site "Plymouth"]
[Date "1989.07.31"]
[Round "1.10"]
[White "Coleman, David J"]
[Black "Motwani, Paul"]
[Result "1/2-1/2"]
[WhiteElo "2295"]
[BlackElo "2490"]
[PlyCount "55"]
[EventDate "1989.07.31"]
[EventType "swiss"]
[EventRounds "11"]
[EventCountry "GBR"]
[SourceTitle "BritBase"]
[Source "John Saunders"]
[SourceDate "2023.12.16"]
[SourceVersion "1"]
[SourceVersionDate "2023.12.16"]
[SourceQuality "1"]

1. e4 e5 2. Nf3 Nc6 3. d4 exd4 4. c3 d5 5. exd5 Qxd5 6. cxd4 Bg4 7. Nc3 Bb4 8.
Be2 Bxf3 9. Bxf3 Qc4 10. Bxc6+ Qxc6 11. O-O Ne7 12. Qb3 Bxc3 13. bxc3 O-O 14.
c4 b6 15. d5 Qd7 16. Ba3 Rfe8 17. Rae1 Nf5 18. Bb2 Rxe1 19. Rxe1 Re8 20. Qc3
Rxe1+ 21. Qxe1 f6 22. Ba3 Kf7 23. Qe2 Qe8 24. Kf1 Qa4 25. g4 Qxa3 26. Qe6+ Kf8
27. Qc8+ Kf7 28. Qe6+ 1/2-1/2

[Event "GBR-ch76"]
[Site "Plymouth"]
[Date "1989.07.31"]
[Round "1.11"]
[White "Norwood, David Robert"]
[Black "Mack, Andrew L"]
[Result "1-0"]
[WhiteElo "2485"]
[BlackElo "2295"]
[PlyCount "49"]
[EventDate "1989.07.31"]
[EventType "swiss"]
[EventRounds "11"]
[EventCountry "GBR"]
[SourceTitle "BritBase"]
[Source "John Saunders"]
[SourceDate "2023.12.16"]
[SourceVersion "1"]
[SourceVersionDate "2023.12.16"]
[SourceQuality "1"]

1. g3 d5 2. Nf3 e6 3. Bg2 c5 4. c4 Nc6 5. cxd5 exd5 6. O-O Nf6 7. d4 Be7 8. Nc3
O-O 9. Bg5 cxd4 10. Nxd4 h6 11. Be3 Re8 12. Rc1 Bg4 13. h3 Bh5 14. Nf5 Qd7 15.
Nxe7+ Nxe7 16. Bd4 Ne4 17. Bxg7 Kxg7 18. Nxe4 Qe6 19. Qd4+ f6 20. Nc5 Qb6 21.
e4 dxe4 22. Qxe4 Nc6 23. Ne6+ Kf7 24. Qd5 Rxe6 25. Qxh5+ 1-0

[Event "GBR-ch76"]
[Site "Plymouth"]
[Date "1989.07.31"]
[Round "1.12"]
[White "Lyell, Mark"]
[Black "Flear, Glenn C"]
[Result "0-1"]
[WhiteElo "2310"]
[BlackElo "2435"]
[PlyCount "48"]
[EventDate "1989.07.31"]
[EventType "swiss"]
[EventRounds "11"]
[EventCountry "GBR"]
[SourceTitle "BritBase"]
[Source "John Saunders"]
[SourceDate "2023.12.16"]
[SourceVersion "1"]
[SourceVersionDate "2023.12.16"]
[SourceQuality "1"]

1. e4 e5 2. f4 exf4 3. Nc3 Qh4+ 4. Ke2 d5 5. Nxd5 Bd6 6. Nf3 Bg4 7. d4 Nc6 8.
e5 O-O-O 9. Bxf4 Nge7 10. Bg3 Qh6 11. Nxe7+ Bxe7 12. c3 f6 13. e6 f5 14. Qa4
Qxe6+ 15. Kf2 Qh6 16. Kg1 Rhe8 17. Bb5 Bxf3 18. gxf3 Qe3+ 19. Kg2 Qd2+ 20. Bf2
Bh4 21. Rhf1 Rd6 22. Rad1 Qf4 23. Bxh4 Qxh4 24. Bxc6 Re2+ 0-1

[Event "GBR-ch76"]
[Site "Plymouth"]
[Date "1989.07.31"]
[Round "1.13"]
[White "Levitt, Jonathan P"]
[Black "Lewis, Andrew P"]
[Result "1-0"]
[WhiteElo "2480"]
[BlackElo "2285"]
[PlyCount "60"]
[EventDate "1989.07.31"]
[EventType "swiss"]
[EventRounds "11"]
[EventCountry "GBR"]
[SourceTitle "BritBase"]
[Source "John Saunders"]
[SourceDate "2023.12.16"]
[SourceVersion "1"]
[SourceVersionDate "2023.12.16"]
[SourceQuality "1"]

1. d4 Nf6 2. c4 g6 3. Nc3 Bg7 4. Bf4 d6 5. e3 O-O 6. Nf3 Nh5 7. Bg5 h6 8. Bh4
Nd7 9. Nd2 c5 10. dxc5 dxc5 11. Be2 Nhf6 12. O-O a6 13. Qb3 b6 14. a4 Ra7 15.
Rfd1 Bb7 16. a5 bxa5 17. Qa3 Qb6 18. Qxa5 Qxa5 19. Rxa5 Rc8 20. Nb3 Bc6 21.
Nxc5 Nxc5 22. Rxc5 Nd7 23. Ra5 Bxc3 24. bxc3 f6 25. Bg3 Ba8 26. h4 Nc5 27. h5
g5 28. Bg4 Rc6 29. Rd8+ Kf7 30. Bf3 Nb7 1-0

[Event "GBR-ch76"]
[Site "Plymouth"]
[Date "1989.07.31"]
[Round "1.15"]
[White "Plaskett, H James"]
[Black "Houston, David A"]
[Result "1-0"]
[WhiteElo "2460"]
[BlackElo "2260"]
[PlyCount "225"]
[EventDate "1989.07.31"]
[EventType "swiss"]
[EventRounds "11"]
[EventCountry "GBR"]
[SourceTitle "BritBase"]
[Source "John Saunders"]
[SourceDate "2023.12.16"]
[SourceVersion "1"]
[SourceVersionDate "2023.12.16"]
[SourceQuality "1"]

1. d4 Nf6 2. Bg5 d5 3. Bxf6 exf6 4. e3 Bd6 5. c4 dxc4 6. Bxc4 Nd7 7. Nc3 Nb6 8.
Bb3 O-O 9. Nf3 c6 10. O-O Bc7 11. Rc1 Bg4 12. h3 Bh5 13. g4 Bg6 14. Nh4 Re8 15.
Re1 Qd7 16. f4 f5 17. Qf3 Rad8 18. Kf2 Nc8 19. Rcd1 Bb6 20. gxf5 Bxf5 21. d5
Nd6 22. dxc6 Qe7 23. Qg3 Be4 24. Rg1 g6 25. cxb7 Bxb7 26. Rge1 Kh8 27. Kf1 Bxe3
28. Bd5 Ba6+ 29. Kg2 Qf6 30. Rxe3 Rxe3 31. Qxe3 Qxh4 32. Qd4+ Kg8 33. Bf3 Bc8
34. f5 Qg3+ 35. Kxg3 Nxf5+ 36. Kf2 Rxd4 37. Re1 Be6 38. Re4 Rd2+ 39. Re2 Rxe2+
40. Bxe2 Nd4 41. Bf1 f5 42. Ke3 Nc6 43. Bg2 Nb8 44. a4 Kf7 45. a5 Kf6 46. Kd4
g5 47. b4 h5 48. b5 g4 49. a6 f4 50. Bb7 f3 51. b6 Nxa6 52. bxa7 Nc7 53. h4 Ke7
54. Ke3 Bc4 55. Kf2 Kd6 56. Ne4+ Ke5 57. Ng3 Bf7 58. Ke3 Be8 59. Be4 Bf7 60.
Bc6 Bg6 61. Nh1 Bf7 62. a8=Q Nxa8 63. Bxa8 Be8 64. Be4 Bf7 65. Nf2 Be8 66. Nd3+
Kf6 67. Kf4 Bb5 68. Nf2 Bc4 69. Nh1 Bf7 70. Ng3 Be8 71. Bf5 Bf7 72. Bd3 Be8 73.
Ne4+ Kg7 74. Ng3 Kf6 75. Bf5 Bf7 76. Bh7 Kg7 77. Bd3 Kf6 78. Ne4+ Kg7 79. Nd6
Kf6 80. Bf1 Ke6 81. Nf5 Kf6 82. Ng3 Bg6 83. Bc4 Be8 84. Ne4+ Kg6 85. Ke5 Kh6
86. Kf6 Bg6 87. Ng3 Bc2 88. Be6 Bg6 89. Bf5 Be8 90. Bd3 Bd7 91. Bg6 Bc8 92.
Bxh5 f2 93. Bg6 Bd7 94. Bd3 Bc8 95. Ke5 Bd7 96. Kf4 Bc8 97. Ke3 Bd7 98. Kxf2
Bc8 99. Ke3 Bd7 100. Kf4 Bc8 101. Ke5 Kg7 102. Bf5 Ba6 103. Kf4 Bb5 104. Kg5
Bc4 105. h5 Bb3 106. h6+ Kh8 107. Kxg4 Bd5 108. Kg5 Bc4 109. Nh5 Bd5 110. Nf4
Bf7 111. Nd3 Be8 112. Ne5 Kg8 113. Bg6 1-0

[Event "GBR-ch76"]
[Site "Plymouth"]
[Date "1989.07.31"]
[Round "1.16"]
[White "Sugden, John Neil"]
[Black "Beaumont, Chris R"]
[Result "0-1"]
[WhiteElo "2255"]
[BlackElo "2460"]
[PlyCount "66"]
[EventDate "1989.07.31"]
[EventType "swiss"]
[EventRounds "11"]
[EventCountry "GBR"]
[SourceTitle "BritBase"]
[Source "John Saunders"]
[SourceDate "2023.12.16"]
[SourceVersion "1"]
[SourceVersionDate "2023.12.16"]
[SourceQuality "1"]

1. e4 d6 2. d4 Nf6 3. f3 c5 4. d5 g6 5. Nc3 Bg7 6. Bg5 h6 7. Be3 O-O 8. Qd2 e6
9. O-O-O exd5 10. exd5 Kh7 11. h4 h5 12. Nh3 Bxh3 13. Rxh3 Nbd7 14. g4 Qa5 15.
Be2 b5 16. Kb1 hxg4 17. fxg4 b4 18. Nb5 Ne4 19. Qd3 f5 20. gxf5 gxf5 21. Bf4
Qd8 22. Bg5 Qb6 23. Qf3 a6 24. Rg1 Rf7 25. Qh5+ Kg8 26. Bh6 axb5 27. Bxg7 Rxg7
28. Rxg7+ Kxg7 29. Qxf5 Ndf6 30. Bd3 c4 31. Rh1 cxd3 32. cxd3 Nd2+ 33. Kc2 Qe3
0-1

[Event "GBR-ch76"]
[Site "Plymouth"]
[Date "1989.07.31"]
[Round "1.17"]
[White "Arkell, Keith C"]
[Black "Gayson, Peter M"]
[Result "1-0"]
[WhiteElo "2450"]
[BlackElo "2250"]
[PlyCount "189"]
[EventDate "1989.07.31"]
[EventType "swiss"]
[EventRounds "11"]
[EventCountry "GBR"]
[SourceTitle "BritBase"]
[Source "John Saunders"]
[SourceDate "2023.12.16"]
[SourceVersion "1"]
[SourceVersionDate "2023.12.16"]
[SourceQuality "1"]

1. Nf3 d5 2. c4 e6 3. d4 Nf6 4. Bg5 Bb4+ 5. Nc3 h6 6. Bxf6 Qxf6 7. e3 c6 8.
cxd5 exd5 9. a3 Bxc3+ 10. bxc3 O-O 11. c4 Bg4 12. cxd5 cxd5 13. Be2 Nc6 14. Qb3
Qd6 15. h3 Bh5 16. O-O Rfc8 17. Rfc1 Rc7 18. Rc5 Ne7 19. Rac1 Rac8 20. Qb4 Rxc5
21. dxc5 Qc7 22. Rb1 Bg6 23. Rb2 a5 24. Qb5 Qxc5 25. Qxc5 Rxc5 26. Rxb7 Nc6 27.
Bb5 Be4 28. a4 Bxf3 29. gxf3 Ne5 30. f4 Nc4 31. Kf1 Nd2+ 32. Ke2 Ne4 33. f3 Nd6
34. Rb8+ Kh7 35. Bd3+ g6 36. e4 Kg7 37. Rd8 dxe4 38. fxe4 Nc4 39. Rb8 Nd6 40.
Ke3 Rh5 41. Bf1 g5 42. f5 Rh4 43. Bg2 Nxf5+ 44. exf5 Rxa4 45. Be4 Kf6 46. Rb6+
Ke5 47. Rb5+ Kf6 48. Rc5 h5 49. Rb5 Ra1 50. Kd4 Rd1+ 51. Bd3 g4 52. hxg4 hxg4
53. Ke3 g3 54. Be4 Rf1 55. Rb2 a4 56. Ra2 a3 57. Rxa3 g2 58. Bxg2 Rxf5 59. Ra6+
Kg5 60. Be4 Rb5 61. Bd3 Rb3 62. Ra5+ Kf6 63. Rf5+ Ke6 64. Rf4 Ra3 65. Kd4 f5
66. Bxf5+ Kd6 67. Bd3 Ra1 68. Rh4 Rd1 69. Rh6+ Kd7 70. Ke4 Kc7 71. Bc4 Rd6 72.
Rh1 Kc6 73. Rc1 Rh6 74. Bd5+ Kd7 75. Kd4 Rh2 76. Rf1 Rd2+ 77. Ke5 Re2+ 78. Be4
Ke7 79. Rb1 Kd7 80. Rb7+ Ke8 81. Kd5 Kf8 82. Bf5 Re7 83. Rb1 Kf7 84. Rf1 Ra7
85. Bd3+ Ke7 86. Bc4 Ra3 87. Kc5 Rc3 88. Rf7+ Ke8 89. Rc7 Rc1 90. Kd6 Rd1+ 91.
Bd5 Kf8 92. Rf7+ Ke8 93. Rf2 Rd4 94. Re2+ Kf8 95. Rg2 1-0

[Event "GBR-ch76"]
[Site "Plymouth"]
[Date "1989.07.31"]
[Round "1.18"]
[White "Muir, Andrew J"]
[Black "Murugan, Krishnamoorthy"]
[Result "1/2-1/2"]
[WhiteElo "2250"]
[BlackElo "2450"]
[PlyCount "29"]
[EventDate "1989.07.31"]
[EventType "swiss"]
[EventRounds "11"]
[EventCountry "GBR"]
[SourceTitle "BritBase"]
[Source "John Saunders"]
[SourceDate "2023.12.16"]
[SourceVersion "1"]
[SourceVersionDate "2023.12.16"]
[SourceQuality "1"]

1. d4 Nf6 2. c4 e6 3. Nc3 d5 4. Bg5 Be7 5. Nf3 O-O 6. Rc1 Nbd7 7. e3 c6 8. Bd3
dxc4 9. Bxc4 Nd5 10. Bxe7 Qxe7 11. Ne4 N7f6 12. Ng3 Qb4+ 13. Qd2 Qxd2+ 14. Kxd2
c5 15. Bb5 1/2-1/2

[Event "GBR-ch76"]
[Site "Plymouth"]
[Date "1989.07.31"]
[Round "1.19"]
[White "Howell, James C"]
[Black "Ledger, Andrew J"]
[Result "0-1"]
[WhiteElo "2395"]
[BlackElo "2225"]
[PlyCount "120"]
[EventDate "1989.07.31"]
[EventType "swiss"]
[EventRounds "11"]
[EventCountry "GBR"]
[SourceTitle "BritBase"]
[Source "John Saunders"]
[SourceDate "2023.12.16"]
[SourceVersion "1"]
[SourceVersionDate "2023.12.16"]
[SourceQuality "1"]

1. d4 Nf6 2. c4 g6 3. g3 Bg7 4. Bg2 d5 5. cxd5 Nxd5 6. e4 Nb4 7. d5 c6 8. a3
Qa5 9. Nc3 cxd5 10. Be3 d4 11. axb4 Qd8 12. e5 dxc3 13. Qxd8+ Kxd8 14. bxc3
Bxe5 15. Ne2 Kc7 16. Ra5 Bd6 17. Nd4 Nc6 18. Nb5+ Kd7 19. Nxd6 exd6 20. Rd5 Kc7
21. Bf4 Re8+ 22. Kd2 Ne5 23. Kc1 Bd7 24. b5 a6 25. Rhd1 axb5 26. Rxd6 Ra1+ 27.
Kc2 Rxd1 28. Rxd1 Bc6 29. Bd5 f6 30. Bf7 Re7 31. Bg8 Be4+ 32. Kb3 g5 33. Re1
Bg6 34. Bxe5+ fxe5 35. Bd5 e4 36. Kb4 Kb6 37. f3 e3 38. Be4 g4 39. Bxg6 gxf3
40. Bd3 f2 41. Rf1 e2 42. Bxe2 Rxe2 43. g4 Re4+ 44. Kb3 Rf4 45. Kc2 Kc5 46. Kd3
b4 47. cxb4+ Kxb4 48. g5 b5 49. Ke3 Rg4 50. Rxf2 Rxg5 51. Kd2 Kb3 52. Rf3+ Kb2
53. Rh3 Rd5+ 54. Ke3 Rd7 55. Rh4 Kb3 56. Ke4 b4 57. Ke5 Kc3 58. Rh3+ Kc2 59.
Ke6 Rb7 60. Rg3 b3 0-1

[Event "GBR-ch76"]
[Site "Plymouth"]
[Date "1989.07.31"]
[Round "1.20"]
[White "Tozer, Richard JD"]
[Black "McNab, Colin Anderson"]
[Result "0-1"]
[WhiteElo "2235"]
[BlackElo "2435"]
[PlyCount "74"]
[EventDate "1989.07.31"]
[EventType "swiss"]
[EventRounds "11"]
[EventCountry "GBR"]
[SourceTitle "BritBase"]
[Source "John Saunders"]
[SourceDate "2023.12.16"]
[SourceVersion "1"]
[SourceVersionDate "2023.12.16"]
[SourceQuality "1"]

1. d4 d6 2. c4 e5 3. d5 f5 4. Nc3 Nf6 5. e4 Nxe4 6. Nxe4 fxe4 7. Ne2 Nd7 8. Nc3
Nc5 9. b4 Nd3+ 10. Bxd3 exd3 11. Qxd3 Be7 12. Ne4 O-O 13. Bd2 Bf5 14. O-O Qe8
15. Rac1 Qg6 16. f3 b6 17. Rce1 Rf7 18. Qe3 Raf8 19. Bc1 h6 20. Rd1 Bxe4 21.
Qxe4 Qh5 22. Qg4 Qxg4 23. fxg4 Bg5 24. Bxg5 hxg5 25. Rxf7 Rxf7 26. g3 Rf3 27.
Rc1 Rd3 28. Rc2 Kf7 29. Kf2 Kf6 30. Ke2 e4 31. Kf2 Ke5 32. h4 Kd4 33. hxg5 e3+
34. Kf1 Rd2 35. Rc1 e2+ 36. Ke1 Rd1+ 37. Rxd1+ exd1=Q+ 0-1

[Event "GBR-ch76"]
[Site "Plymouth"]
[Date "1989.07.31"]
[Round "1.26"]
[White "Lane, Gary William"]
[Black "Jackson, Sheila"]
[Result "1-0"]
[WhiteElo "2385"]
[BlackElo "2210"]
[PlyCount "45"]
[EventDate "1989.07.31"]
[EventType "swiss"]
[EventRounds "11"]
[EventCountry "GBR"]
[SourceTitle "BritBase"]
[Source "John Saunders"]
[SourceDate "2023.12.16"]
[SourceVersion "1"]
[SourceVersionDate "2023.12.16"]
[SourceQuality "1"]

1. e4 e5 2. Bc4 Nf6 3. d3 Nc6 4. Nc3 Bc5 5. f4 d6 6. Nf3 Bg4 7. Na4 Bxf3 8.
Qxf3 Nd4 9. Qd1 b5 10. Bxf7+ Kxf7 11. Nxc5 exf4 12. Nb3 Ne6 13. O-O g5 14. g3
fxg3 15. Bxg5 gxh2+ 16. Kh1 Nxg5 17. Qh5+ Ke7 18. Qxg5 Rf8 19. Nd4 Qe8 20. e5
dxe5 21. Qxe5+ Kd7 22. Qf5+ Kd6 23. Rae1 1-0

[Event "GBR-ch76"]
[Site "Plymouth"]
[Date "1989.07.31"]
[Round "1.27"]
[White "Flear, Christine"]
[Black "Pein, Malcolm"]
[Result "1/2-1/2"]
[WhiteElo "2170"]
[BlackElo "2385"]
[PlyCount "96"]
[EventDate "1989.07.31"]
[EventType "swiss"]
[EventRounds "11"]
[EventCountry "GBR"]
[SourceTitle "BritBase"]
[Source "John Saunders"]
[SourceDate "2023.12.16"]
[SourceVersion "1"]
[SourceVersionDate "2023.12.16"]
[SourceQuality "1"]

1. d4 g6 2. c4 f5 3. g3 Bg7 4. Bg2 Nf6 5. Nf3 O-O 6. O-O d6 7. Nc3 Nc6 8. d5
Na5 9. Qd3 c5 10. Bd2 a6 11. Rad1 Rb8 12. b3 Bd7 13. e4 fxe4 14. Nxe4 b5 15.
Nxf6+ exf6 16. Qc3 Nb7 17. Rfe1 f5 18. Qc1 bxc4 19. Bg5 Bf6 20. bxc4 Na5 21.
Bf1 Ba4 22. Bxf6 Qxf6 23. Re6 Qb2 24. Rde1 Qxc1 25. Rxc1 Rfd8 26. Ng5 Be8 27.
Re7 h6 28. Nf3 Rd7 29. Re3 Ra8 30. Rce1 Kf8 31. Nh4 Bf7 32. Ra3 Nb7 33. Ng2 Nd8
34. Bd3 Kg7 35. Bc2 Rb7 36. Ba4 Kf6 37. Ne3 Rb4 38. Bb5 a5 39. Nc2 Rb2 40. Ba4
Rb6 41. Rae3 Ra7 42. Na3 Rb4 43. Nb5 Ra8 44. Bd1 Rxc4 45. Nxd6 Rc1 46. Nxf7
Nxf7 47. Re6+ Kg7 48. Ba4 Rxe1+ 1/2-1/2

[Event "GBR-ch76"]
[Site "Plymouth"]
[Date "1989.07.31"]
[Round "1.28"]
[White "Crawley, Gavin"]
[Black "Richmond Garwell, Jane"]
[Result "1-0"]
[WhiteElo "2380"]
[BlackElo "2180"]
[PlyCount "83"]
[EventDate "1989.07.31"]
[EventType "swiss"]
[EventRounds "11"]
[EventCountry "GBR"]
[SourceTitle "BritBase"]
[Source "John Saunders"]
[SourceDate "2023.12.16"]
[SourceVersion "1"]
[SourceVersionDate "2023.12.16"]
[SourceQuality "1"]

1. d4 Nf6 2. c4 e6 3. Nc3 Bb4 4. Nf3 c5 5. dxc5 Na6 6. Bd2 Nxc5 7. a3 Bxc3 8.
Bxc3 b6 9. b4 Nce4 10. Bb2 Bb7 11. Nd2 O-O 12. Nxe4 Nxe4 13. Qd4 Qg5 14. h4 Qh6
15. e3 d5 16. g4 e5 17. Qxe5 Rfe8 18. g5 Qg6 19. h5 Qxg5 20. Qxg5 Nxg5 21.
O-O-O Rac8 22. Rg1 f6 23. f4 Ne4 24. Kb1 Kf8 25. Ka1 Red8 26. cxd5 Bxd5 27. h6
g6 28. f5 g5 29. Ba6 Rc7 30. Rd4 Ke7 31. Rgd1 Rcd7 32. Bb5 Rd6 33. Rc1 Ng3 34.
Rc7+ Kf8 35. Rxh7 Nxf5 36. Rh8+ Bg8 37. Rxd6 Rxd6 38. h7 Rd1+ 39. Bc1 Ne7 40.
hxg8=Q+ Nxg8 41. Kb2 g4 42. Bc4 1-0